000 00623cam a22002052 4500
001 0000020341
005 20151217161200.0
008 110913s xx 000 0 eng d
020 _a0199563050 :
040 _aKABU
_cKABU
245 1 2 _aA dictionary of accounting. /
_c[edited by] Jonathan Law.
250 _a4th ed.
260 _aOxford ;
_aNew York :
_bOxford University Press,
_c2010.
300 _avi, 439 p.
650 0 _aAccounting
_vDictionaries.
_@0000180533
700 1 _aLaw, Jonathan.
_@0000180556
852 1 _9p1680 KES
908 _a110913
950 _@1
999 _c15240
_d15240